header

Design and manufacturing (Record no. 182790)

MARC details
000 -LEADER
fixed length control field 01202nam a2200289Ia 4500
245 00 - TITLE STATEMENT
Title Design and manufacturing
260 ## - PUBLICATION, DISTRIBUTION, ETC. (IMPRINT)
Place of publication Bradford, England :
Name of publisher Emerald Group Publishing,
Year of publication c2006.
300 ## - PHYSICAL DESCRIPTION
Number of Pages 187 p.
490 0# - SERIES STATEMENT
Series statement International journal of productivity and performance management ;
650 #0 - SUBJECT ADDED ENTRY--TOPICAL TERM
Topical Term Manufacturing processes
Topical Term Industrial productivity.
700 1# - ADDED ENTRY--PERSONAL NAME
Personal name MacBryde, Jillian.
Personal name Radnor, Z. J.
856 40 - ELECTRONIC LOCATION AND ACCESS
Uniform Resource Identifier http://site.ebrary.com/lib/rucke/Doc?id=10132670

No items available.

© 2026 Rongo University
Contact us: librarian | system librarian | Rongo university